<?xml version="1.0" encoding="utf-8"?>
<?xml-stylesheet type='text/xsl' href='./oai2.xsl'?>
<OAI-PMH xmlns="http://www.openarchives.org/OAI/2.0/" xmlns:xsi="http://www.w3.org/2001/XMLSchema-instance" xsi:schemaLocation="http://www.openarchives.org/OAI/2.0/ http://www.openarchives.org/OAI/2.0/OAI-PMH.xsd">
  <responseDate>2026-04-29T18:07:56Z</responseDate>
  <request verb="GetRecord" metadataPrefix="marcxml" identifier="isil_DE-MUS-163517_kenom_42499">https://kulturerbe.niedersachsen.de/oai</request>
  <GetRecord>
    <record>
      <header>
        <identifier>isil_DE-MUS-163517_kenom_42499</identifier>
        <datestamp>2014-10-28T11:31:50Z</datestamp>
        <setSpec>slg0021</setSpec>
      </header>
      <metadata>
        <marc:record xmlns:marc="http://www.loc.gov/MARC21/slim" xsi:schemaLocation="http://www.loc.gov/MARC21/slim http://www.loc.gov/standards/marcxml/schema/MARC21slim.xsd">
          <marc:leader>12345nrm  22     uu 4500</marc:leader>
          <marc:controlfield tag="001">42499</marc:controlfield>
          <marc:controlfield tag="005">2014-07-22T14:16:28</marc:controlfield>
          <marc:controlfield tag="008">|           ||||||||||||||||||||||</marc:controlfield>
          <marc:datafield tag="245" ind1="1" ind2="0">
            <marc:subfield code="a">Herzogtum Braunschweig und Lüneburg; Fürstentum Wolfenbüttel; Kunstkammerstück, Medaille</marc:subfield>
          </marc:datafield>
          <marc:datafield tag="720" ind1=" " ind2=" ">
            <marc:subfield code="a">Wessel</marc:subfield>
          </marc:datafield>
          <marc:datafield tag="700" ind1="1" ind2=" ">
            <marc:subfield code="a">Rudolf August &lt;Braunschweig-Lüneburg, Herzog&gt;</marc:subfield>
            <marc:subfield code="d">* 1627 † 1704</marc:subfield>
            <marc:subfield code="e">Münzherr</marc:subfield>
          </marc:datafield>
          <marc:datafield tag="655" ind1=" " ind2="7">
            <marc:subfield code="a">Münzen, Medaillen, Geldscheine</marc:subfield>
          </marc:datafield>
          <marc:datafield tag="046" ind1=" " ind2=" ">
            <marc:subfield code="k">1689</marc:subfield>
            <marc:subfield code="k">1689</marc:subfield>
          </marc:datafield>
          <marc:datafield tag="260" ind1=" " ind2=" ">
            <marc:subfield code="g">1689</marc:subfield>
            <marc:subfield code="g">1689</marc:subfield>
          </marc:datafield>
          <marc:datafield tag="300" ind1=" " ind2=" ">
            <marc:subfield code="a">Ø 80 mm; Gewicht: 35,165 g</marc:subfield>
          </marc:datafield>
          <marc:datafield tag="520" ind1=" " ind2=" ">
            <marc:subfield code="a">Gegenstände aus Elfenbein gehören zu den exotischen Kostbarkeiten eines jeden Münzkabinetts oder einer fürstlichen Kunst- und Wunderkammer. Rätselhaft ist das Künstlermonogramm des Stückes. Es ist vielleicht mit Wilhelm Heinrich Wessel aufzulösen.

Das Stück ähnelt den Vorderseiten der Löser aus der Zeit der Alleinregierung von 1666 bis 1685. Nach der Datierung fällt es jedoch in die Phase der gemeinsamen Regierung mit Herzog Anton Ulrich in den Jahren 1685 bis 1704.</marc:subfield>
          </marc:datafield>
          <marc:datafield tag="773" ind1="0" ind2=" ">
            <marc:subfield code="t">Münzkabinett</marc:subfield>
          </marc:datafield>
          <marc:datafield tag="852" ind1=" " ind2=" ">
            <marc:subfield code="a">Niedersächsisches Landesmuseum Hannover</marc:subfield>
          </marc:datafield>
          <marc:datafield tag="" ind1=" " ind2=" ">
            <marc:subfield code="a">Namensnennung 4.0 International (CC BY 4.0)</marc:subfield>
          </marc:datafield>
        </marc:record>
      </metadata>
    </record>
  </GetRecord>
</OAI-PMH>
